The impossible state : (Record no. 3396)

MARC details
000 -LEADER
fixed length control field 01563cam a2200361 a 4500
001 - CONTROL NUMBER
control field 3396
003 - CONTROL NUMBER IDENTIFIER
control field FISKH
005 - DATE AND TIME OF LATEST TRANSACTION
control field 20240301134648.0
008 - FIXED-LENGTH DATA ELEMENTS--GENERAL INFORMATION
fixed length control field 120320s2012 nyua b 001 0 eng
010 ## - LIBRARY OF CONGRESS CONTROL NUMBER
LC control number 2012009517
020 ## - INTERNATIONAL STANDARD BOOK NUMBER
International Standard Book Number 9780061998508 (acidfree paper)
020 ## - INTERNATIONAL STANDARD BOOK NUMBER
International Standard Book Number 9780099578659
040 ## - CATALOGING SOURCE
Original cataloging agency DLC
Transcribing agency DLC
Modifying agency DLC
Language of cataloging eng
042 ## - AUTHENTICATION CODE
Authentication code pcc
043 ## - GEOGRAPHIC AREA CODE
Geographic area code a-kn---
-- n-us---
050 00 - LIBRARY OF CONGRESS CALL NUMBER
Classification number DS935.5
Item number .C47 2012
082 00 - DEWEY DECIMAL CLASSIFICATION NUMBER
Classification number 951.93
Edition number 23
100 1# - MAIN ENTRY--PERSONAL NAME
Personal name Cha, Victor D.,
Dates associated with a name 1961-
245 14 - TITLE STATEMENT
Title The impossible state :
Remainder of title North Korea, past and future /
Statement of responsibility, etc. Victor Cha.
260 ## - PUBLICATION, DISTRIBUTION, ETC.
Place of publication, distribution, etc. London :
Name of publisher, distributor, etc. Random House,
Date of publication, distribution, etc. 2012.
300 ## - PHYSICAL DESCRIPTION
Extent 529 pages :
Other physical details illustrations ;
Dimensions 20 cm
504 ## - BIBLIOGRAPHY, ETC. NOTE
Bibliography, etc. note Includes bibliographical references and index.
505 0# - FORMATTED CONTENTS NOTE
Formatted contents note Contradictions -- The Best Days -- All in the Family -- Five Bad Decisions -- The Worst Place on Earth -- The Logic of Deterrence -- Complete, Verifiable, and Irreversible Dismantlement (CVID) -- Neighbors -- Approaching Unification -- The End is Near.
520 ## - SUMMARY, ETC.
Summary, etc. Looks at the nation of North Korea, its history, social conditions, and place in world politics as it stands today and where it is likely to end up in the future.
650 #0 - SUBJECT ADDED ENTRY--TOPICAL TERM
Topical term or geographic name entry element Political culture
Geographic subdivision Korea (North)
General subdivision History.
651 #0 - SUBJECT ADDED ENTRY--GEOGRAPHIC NAME
Geographic name Korea (North)
General subdivision Politics and government.
651 #0 - SUBJECT ADDED ENTRY--GEOGRAPHIC NAME
Geographic name Korea (North)
General subdivision Foreign relations
Geographic subdivision United States.
651 #0 - SUBJECT ADDED ENTRY--GEOGRAPHIC NAME
Geographic name United States
General subdivision Foreign relations
Geographic subdivision Korea (North)
651 #0 - SUBJECT ADDED ENTRY--GEOGRAPHIC NAME
Geographic name Korea (North)
General subdivision Social conditions.
906 ## - LOCAL DATA ELEMENT F, LDF (RLIN)
a 7
b cbc
c orignew
d 1
e ecip
f 20
g y-gencatlg
942 ## - ADDED ENTRY ELEMENTS (KOHA)
Source of classification or shelving scheme Dewey Decimal Classification
Koha item type Books
Suppress in OPAC No
Holdings
Withdrawn status Lost status Source of classification or shelving scheme Damaged status Not for loan Collection Home library Current library Shelving location Date acquired Total Checkouts Full call number Barcode Date last seen Price effective from Koha item type
    Dewey Decimal Classification     Non-Fiction Footprints International School Library Network Toul Kork Campus Footprints International School Library Network Toul Kork Campus   03/01/2024   CHA 951.93 DS935.C47 2024-0158 03/01/2024 03/01/2024 Books